[Event "AUTO-INT-3659"]
[Site "http://www.queenalice.com/game.php?id=1649535"]
[Date "2021.4.13"]
[Round "1"]
[White "Aristoteles"]
[Black "brumbaz"]
[Result "0-1"]
[WhiteElo "1619"]
[BlackElo "1414"]

1. e4 e5 2. Nf3 Nc6 3. Bc4 Bc5 4. d3 d6 5. Ng5 Be6 6. Bxe6 fxe6 7. Nxe6 Qe7 8.
Nxc5 dxc5 9. Be3 Nf6 10. h3 O-O-O 11. O-O h6 12. Nc3 g5 13. a3 Rhg8 14. g4 h5
15. gxh5 g4 16. hxg4 Nxg4 17. Kh1 Qh4+ 18. Kg2 Nf6+ 19. Kf3 Qg4# 0-1

[Event "AUTO-INT-3659"]
[Site "http://www.queenalice.com/game.php?id=1649536"]
[Date "2021.4.13"]
[Round "1"]
[White "brumbaz"]
[Black "Aristoteles"]
[Result "1-0"]
[WhiteElo "1434"]
[BlackElo "1568"]

1. e4 e5 2. Bc4 Nf6 3. Nc3 Bb4 4. Nf3 d6 5. Nd5 Nxd5 6. Bxd5 h6 7. O-O O-O 8. d3
Nd7 9. Bd2 Bxd2 10. Qxd2 Nf6 11. c4 Nxd5 12. cxd5 Bg4 13. Ne1 Qf6 14. f3 Bh5 15.
a4 a5 16. b4 b6 17. Qc3 Rfc8 18. b5 Qf4 19. Nc2 Ra7 20. Qc6 Raa8 21. Qd7 Qf6 22.
Ne3 Qd8 23. Qf5 Bg6 24. Qg4 Qe7 25. f4 Rf8 26. f5 Bh7 27. f6 Qd8 28. Qxg7# 1-0

[Event "AUTO-INT-3659"]
[Site "http://www.queenalice.com/game.php?id=1649537"]
[Date "2021.4.13"]
[Round "1"]
[White "Aristoteles"]
[Black "NickThorp"]
[Result "1-0"]
[WhiteElo "1553"]
[BlackElo "1623"]

1. e4 e5 2. Nf3 Nc6 3. Bb5 a6 4. Bxc6 dxc6 5. d3 Bb4+ 6. Bd2 Bxd2+ 7. Qxd2 Bg4
8. Qe3 Nf6 9. h3 Bh5 10. Nxe5 O-O 11. g4 Bg6 12. Nxg6 hxg6 13. Qg5 Nh7 14. Qxd8
Raxd8 15. Nc3 Nf6 16. O-O-O Rfe8 17. Rhe1 Re5 18. f4 Rc5 19. a3 b5 20. e5 Nd5
21. Ne4 Nxf4 22. Nxc5 a5 23. Nb7 Re8 24. h4 a4 25. Nc5 Ne6 26. Nxe6 fxe6 27. Rf1
c5 28. d4 c4 29. c3 c6 30. g5 Kh7 31. Rf7 Kg8 32. Rdf1 Kh7 33. Rf8 Re7 34. Rc8
c5 35. Rff8 cxd4 36. Rh8# 1-0

[Event "AUTO-INT-3659"]
[Site "http://www.queenalice.com/game.php?id=1649538"]
[Date "2021.4.13"]
[Round "1"]
[White "NickThorp"]
[Black "Aristoteles"]
[Result "1-0"]
[WhiteElo "1565"]
[BlackElo "1572"]

1. e4 e5 2. Nf3 d6 3. Bb5+ c6 4. Ba4 Be6 5. Bb3 Bxb3 6. axb3 Nf6 7. d3 h6 8. Nc3
Be7 9. Be3 O-O 10. O-O Ng4 11. Bd2 a6 12. Na4 b5 13. Nc3 c5 14. Nd5 Nf6 15.
Nxe7+ Qxe7 16. c4 b4 17. Nh4 Nfd7 18. Nf5 Qe6 19. Qf3 Kh7 20. Qh5 Nf6 21. Qf3
Nc6 22. Qg3 Rg8 23. h3 Nd4 24. Kh2 Nxf5 25. exf5 Qe7 26. f4 e4 27. dxe4 Qxe4 28.
Rfe1 Qc2 29. Bc1 Qxf5 30. Qf3 a5 31. g4 Qd7 32. f5 Rgd8 33. g5 hxg5 34. Bxg5 Re8
35. Rxe8 Qxe8 36. Bxf6 gxf6 37. Rg1 Qf8 38. Qh5+ Qh6 39. Qxf7+ Kh8 40. Rg6 Qh7
41. Qxf6+ Qg7 42. Qxg7# 1-0

[Event "AUTO-INT-3659"]
[Site "http://www.queenalice.com/game.php?id=1649539"]
[Date "2021.4.13"]
[Round "1"]
[White "Aristoteles"]
[Black "Ricardoabreu"]
[Result "0-1"]
[WhiteElo "1530"]
[BlackElo "1717"]

1. e4 b6 2. d4 e6 3. Nf3 Bb7 4. d5 exd5 5. e5 Qe7 6. Bf4 h6 7. Nc3 c6 8. Be2 g5
9. Bg3 Bg7 10. Qd4 f6 11. exf6 Bxf6 12. Be5 Bxe5 13. Nxe5 Rh7 14. O-O Na6 15.
Rfe1 Qc5 16. Qd3 Re7 17. Qg6+ Kd8 18. Qxg8+ Re8 19. Nf7+ Kc7 20. Qg6 Re6 21. Qd3
Nb4 22. Qd2 Rf6 23. Bh5 Rf8 24. Ne5 Rxf2 25. Qe3 Qxe3 26. Rxe3 Nxc2 27. Ng4 Rd2
28. Rd1 Rxg2+ 29. Kxg2 Nxe3+ 30. Nxe3 Ba6 31. Bg4 Rf4 32. Nexd5+ cxd5 33. Rxd5
Rxg4+ 34. Kh3 Rh4+ 35. Kg3 d6 36. Rf5 Rd4 37. Rf7+ Kb8 38. Rf6 Rh4 39. Rxd6 Kc7
40. Rf6 Bc8 41. Nd5+ Kd7 42. Rf7+ Ke6 43. Rf8 Bd7 44. Ne3 a5 45. Ng4 Ke7 46. Rb8
Rxg4+ 47. Kf2 b5 48. Rb7 Kd6 49. Rb6+ Bc6 50. Rb8 a4 51. Rd8+ Bd7 52. h3 Rh4 53.
Kg3 Rxh3+ 54. Kg2 g4 55. Ra8 g3 56. Rg8 Rh2+ 57. Kxg3 Rxb2 58. Rg6+ Kc7 59. Rxh6
Rxa2 60. Rh5 Ra3+ 61. Kf4 Rc3 62. Ke5 a3 63. Kf6 Rc6+ 64. Ke7 Re6+ 65. Kf7 Re1
66. Rh2 Be6+ 67. Kf6 a2 0-1

[Event "AUTO-INT-3659"]
[Site "http://www.queenalice.com/game.php?id=1649540"]
[Date "2021.4.13"]
[Round "1"]
[White "Ricardoabreu"]
[Black "Aristoteles"]
[Result "1-0"]
[WhiteElo "1639"]
[BlackElo "1542"]

1. b3 d5 2. Bb2 Bf5 3. e3 e6 4. g3 a6 5. Bg2 Nf6 6. h3 Nc6 7. a3 Bd6 8. d3 O-O
9. Qd2 Re8 10. Nf3 b5 11. Nd4 Nxd4 12. Bxd4 c5 13. Bb2 e5 14. Nc3 Qa5 15. Nxd5
Qxd2+ 16. Kxd2 Nxd5 17. Bxd5 Rab8 18. g4 Be6 19. Bxe6 Rxe6 20. h4 Rf6 21. Raf1
h6 22. g5 Re6 23. gxh6 Rxh6 24. Rfg1 Rf6 25. Rg2 Kf8 26. Rhg1 g6 27. h5 Ke7 28.
hxg6 fxg6 29. Rxg6 Rxf2+ 30. Kd1 Kd7 31. Rg7+ Kc6 32. R1g6 Rbf8 33. e4 Rf1+ 34.
Kd2 R8f2+ 35. Kc3 Re2 36. Rg2 Rff2 37. Rxf2 Rxf2 38. b4 c4 39. dxc4 Rf3+ 40. Kd2
bxc4 41. Rg6 Rf2+ 42. Ke3 Rh2 43. Bxe5 Rxc2 44. Rxd6+ Kb5 45. Rd5+ Ka4 46. Ra5+
Kb3 47. Rxa6 Rc1 48. Kd2 Rc2+ 49. Ke3 Ra2 50. Bd4 c3 51. Bxc3 Kxc3 52. e5 Rh2
53. Ke4 Rh8 54. b5 Kc4 55. a4 Rb8 56. e6 Re8 57. Ke5 Kc5 58. Ra7 Kb6 59. Ra6+
Kc5 60. Rc6+ Kb4 61. Ra6 Kc5 62. Kf6 Kd5 63. Kf7 Rc8 64. e7 1-0

[Event "Challenge"]
[Site "http://www.queenalice.com/game.php?id=1759832"]
[Date "2021.5.18"]
[Round "-"]
[White "kd4hls"]
[Black "Aristoteles"]
[Result "1-0"]
[WhiteElo "1676"]
[BlackElo "1512"]

1. d4 d5 2. Bf4 Bf5 3. e3 a6 4. Nf3 Nc6 5. c4 Nb4 6. Na3 e6 7. c5 b6 8. Be2 bxc5
9. O-O c4 10. Ne5 f6 11. Nf3 Nc6 12. Nh4 Bxa3 13. bxa3 Nge7 14. Qa4 g5 15. Nxf5
exf5 16. Bh5+ Kf8 17. Bg3 h6 18. Rab1 g4 19. Rb7 Qc8 20. Rxc7 Qe6 21. Rb7 Qc8
22. Rfb1 Kg7 23. Bd6 Qd8 24. Bxe7 Nxe7 25. Rd7 Qf8 26. Rbb7 Rb8 27. Rxe7+ Kg8
28. Bf7+ Kh7 29. Bxd5+ Kg6 30. Bf7+ Kg5 31. Bxc4 Rxb7 32. Rxb7 Qc8 33. Rg7+ Kh5
34. g3 Qf8 35. Bf7+ 1-0

[Event "AUTO-INT-3672"]
[Site "http://www.queenalice.com/game.php?id=1759950"]
[Date "2021.5.20"]
[Round "1"]
[White "Aristoteles"]
[Black "kd4hls"]
[Result "1/2-1/2"]
[WhiteElo "1493"]
[BlackElo "1688"]

1. e4 d5 2. e5 Nc6 3. Bb5 Bd7 4. d4 a6 5. Ba4 b5 6. Bb3 e6 7. Nf3 Be7 8. O-O a5
9. c3 a4 10. Bc2 h6 11. Bd3 Na5 12. Nbd2 c5 13. a3 c4 14. Bc2 Bg5 15. Nxg5 hxg5
16. h3 Ne7 17. Nf3 Nb3 18. Bxb3 axb3 19. Bxg5 Bc6 20. Re1 Qd7 21. Qd2 Nf5 22.
Kf1 Qb7 23. Bf4 Qe7 24. g4 Nh6 25. Bxh6 Rxh6 26. Kg2 Kd7 27. Qf4 Rah8 28. Rh1 f6
29. h4 Rf8 30. h5 Rh7 31. exf6 Rxf6 32. Qe3 Ke8 33. Ng5 Rh8 34. Rae1 Bd7 35. Nf3
g6 36. hxg6 Rxh1 37. Rxh1 Rxg6 38. Ne5 Rg8 39. f3 Qf6 40. Re1 Rh8 41. Nxd7 Kxd7
42. Qe5 Qh6 43. Kf2 Re8 44. Qe3 Qh2+ 45. Kf1 Qh3+ 1/2-1/2

[Event "AUTO-INT-3672"]
[Site "http://www.queenalice.com/game.php?id=1759951"]
[Date "2021.5.20"]
[Round "1"]
[White "kd4hls"]
[Black "Aristoteles"]
[Result "1-0"]
[WhiteElo "1671"]
[BlackElo "1510"]

1. d4 Nc6 2. Bf4 d5 3. e3 Bf5 4. c4 Nb4 5. Na3 e6 6. c5 Qd7 7. Nf3 Nf6 8. Ne5
Qd8 9. Be2 a5 10. O-O Nd7 11. Bb5 c6 12. Bd3 Bxd3 13. Nxd3 Nxd3 14. Qxd3 Be7 15.
Rab1 Nf6 16. Be5 O-O 17. h3 h6 18. Nc2 Nd7 19. Qc3 Nxe5 20. dxe5 f6 21. Nd4 fxe5
22. Nxe6 Qe8 23. Nxf8 Bxf8 24. a3 Qe7 25. b4 a4 26. Rbe1 Qf6 27. f4 Be7 28. fxe5
Qg6 29. Qd4 Qh5 30. Rf4 Bg5 31. Rf5 Bxe3+ 32. Qxe3 Qg6 33. Ref1 Qe6 34. R1f3 Qe7
35. Qf2 Kh7 36. Rf7 Qxe5 37. Rxb7 Qe6 38. Re3 Qg8 39. Qf5+ Kh8 40. Ree7 Qd8 41.
Rxg7 Rb8 42. Rh7+ Kg8 43. Qf7# 1-0

[Event "AUTO-INT-3672"]
[Site "http://www.queenalice.com/game.php?id=1759952"]
[Date "2021.5.20"]
[Round "1"]
[White "Aristoteles"]
[Black "Daniel1962"]
[Result "0-1"]
[WhiteElo "1503"]
[BlackElo "1653"]

1. e4 e5 2. Nf3 Nc6 3. Bb5 Nge7 4. Nc3 d6 5. d3 Bd7 6. Bg5 a6 7. Ba4 b5 8. Bb3
f6 9. Bh4 Bg4 10. h3 Bxf3 11. Qxf3 Ng6 12. Bg3 Nd4 13. Qe3 b4 14. Nd5 Nxb3 15.
axb3 a5 16. O-O Ne7 17. Nxe7 Bxe7 18. c3 bxc3 19. bxc3 d5 20. Rfd1 c5 21. d4
exd4 22. cxd4 cxd4 23. Qxd4 O-O 24. exd5 Bd6 25. Bxd6 Qxd6 26. Qc3 Rfe8 27. Qc4
Rac8 28. Qb5 Re5 29. Rxa5 Rc5 30. Ra8+ Kf7 31. Qe8+ Rxe8 32. Ra7+ Kg6 33. Kf1
Rxd5 34. Rxd5 Qxd5 35. Ra1 Qxb3 36. g3 Qf3 37. Kg1 Re2 38. Rf1 f5 39. h4 f4 40.
gxf4 Qxf4 0-1

[Event "AUTO-INT-3672"]
[Site "http://www.queenalice.com/game.php?id=1759953"]
[Date "2021.5.20"]
[Round "1"]
[White "Daniel1962"]
[Black "Aristoteles"]
[Result "1-0"]
[WhiteElo "1634"]
[BlackElo "1521"]

1. d4 d5 2. Bf4 Bf5 3. Nc3 a6 4. Nf3 e6 5. a3 Nc6 6. e3 Nf6 7. Ne5 Nxe5 8. Bxe5
Bd6 9. Bxd6 Qxd6 10. Bd3 Bxd3 11. Qxd3 O-O 12. f4 Rac8 13. h4 c5 14. O-O-O c4
15. Qe2 Rfe8 16. g4 h6 17. g5 hxg5 18. hxg5 Nd7 19. Qh5 Kf8 20. Qh8+ Ke7 21.
Qxg7 Rg8 22. Qh7 Nf8 23. Qxg8 Qc7 24. Qg7 Kd6 25. Rh8 Qe7 26. Qe5+ Kd7 27. f5
Kc6 28. g6 fxg6 29. fxe6 Qxe6 30. Qxe6+ Nxe6 31. Rxc8+ Kd7 32. Rg8 g5 33. Nxd5
Kd6 34. Nc3 b5 35. d5 Nc7 36. Rxg5 Kd7 37. Rh1 Kd6 38. Ne4+ Ke7 39. Rh7+ Kd8 40.
Rg8+ Ne8 41. Nf6 1-0

[Event "AUTO-INT-3672"]
[Site "http://www.queenalice.com/game.php?id=1759954"]
[Date "2021.5.20"]
[Round "1"]
[White "Aristoteles"]
[Black "Ruusgugg"]
[Result "1-0"]
[WhiteElo "1500"]
[BlackElo "1394"]

1. e4 e5 2. Nf3 Qf6 3. Bc4 g5 4. h3 Bc5 5. d3 h6 6. O-O Ne7 7. Nc3 Ng6 8. Nd5
Qd8 9. a3 c6 10. Ne3 Nf4 11. Nf5 Rg8 12. Nxe5 h5 13. Bxf7+ Kf8 14. Bxg8 Kxg8 15.
Bxf4 gxf4 16. Qxh5 Qf6 17. Qg6+ Qxg6 18. Nxg6 Kf7 19. Nxf4 d5 20. Ng3 Nd7 21.
exd5 cxd5 22. Nxd5 Ke6 23. Nf4+ Ke5 24. Ng6+ Kf6 25. Nf4 Kg5 26. Ne6+ Kh4 27. d4
Bd6 28. Nf5+ Kh5 29. Nxd6 1-0

[Event "AUTO-INT-3672"]
[Site "http://www.queenalice.com/game.php?id=1759955"]
[Date "2021.5.20"]
[Round "1"]
[White "Ruusgugg"]
[Black "Aristoteles"]
[Result "0-1"]
[WhiteElo "1369"]
[BlackElo "1539"]

1. e4 e5 2. Nf3 d6 3. d4 Bg4 4. d5 Qf6 5. h3 Bxf3 6. gxf3 Qh4 7. Bb5+ c6 8. dxc6
bxc6 9. Bc4 Nf6 10. Nc3 Be7 11. Ne2 Qh5 12. Ng3 Qg6 13. Rg1 Nh5 14. Kf1 O-O 15.
Nf5 Qf6 16. Nxe7+ Qxe7 17. f4 Nxf4 18. Qg4 Ng6 19. h4 Qxh4 20. Qxh4 Nxh4 21. b4
Nf3 22. Rg3 Nd4 23. Rc3 a5 24. bxa5 Rxa5 25. Rh3 Nxc2 26. Rb1 Nd4 27. Rb2 c5 28.
f3 Nbc6 29. Rbh2 h6 30. Bxh6 gxh6 31. Rg3+ Kh7 32. Rhg2 Raa8 33. Rg7+ Kh8 34.
Bxf7 Nxf3 35. R2g3 Nd2+ 36. Ke2 Nxe4 37. R3g4 Nf6 38. Be6 Nd4+ 39. Ke3 Nxe6 40.
R7g6 h5 41. Rh6+ Nh7 42. Rxh5 Rxa2 43. Rgh4 Rf7 44. Ke4 Ra4+ 45. Kd5 Rxh4 46.
Rxh4 Rf4 47. Rh6 Rf6 48. Rh4 Rf4 49. Rh1 Ng5 0-1

[Event "AUTO-INT-3687"]
[Site "http://www.queenalice.com/game.php?id=1764875"]
[Date "2021.7.20"]
[Round "1"]
[White "luiz_gustavo"]
[Black "Aristoteles"]
[Result "0-1"]
[WhiteElo "1778"]
[BlackElo "1568"]

1. e4 e5 2. Nf3 d6 3. Nc3 Bg4 4. h3 Bxf3 5. Qxf3 Qf6 6. d3 Qxf3 7. gxf3 h6 8.
Be3 Nc6 9. O-O-O Nf6 10. Bg2 Be7 11. f4 exf4 12. Bxf4 Nd4 13. Be3 Nc6 14. d4 O-O
15. d5 Nd8 16. f4 Re8 17. e5 dxe5 18. fxe5 Nd7 19. Rhe1 Nxe5 20. Bf4 Bd6 21. Ne4
Nd3+ 22. cxd3 Bxf4+ 23. Kc2 Re5 24. Nc5 Rxe1 25. Rxe1 Kf8 26. Nd7+ Kg8 27. Re8+
Kh7 28. Be4+ g6 29. h4 f5 30. Bf3 h5 31. Nf8+ Kg7 32. Rxd8 Rxd8 33. Ne6+ Kf6 34.
Nxd8 b6 35. a4 Bg3 36. Nc6 a5 37. Nd4 Bxh4 38. Ne6 Bg3 39. Nxc7 Bxc7 40. Kc3 h4
41. Bg2 Ke5 42. d4+ Kf4 43. Kc4 Kg3 44. Bf1 h3 45. Bxh3 Kxh3 46. Kb5 f4 47. Kc6
Bd8 48. d6 f3 49. Kd7 Bh4 0-1

[Event "AUTO-INT-3687"]
[Site "http://www.queenalice.com/game.php?id=1764876"]
[Date "2021.7.20"]
[Round "1"]
[White "Aristoteles"]
[Black "luiz_gustavo"]
[Result "1-0"]
[WhiteElo "1592"]
[BlackElo "1648"]

1. e4 e5 2. Nf3 Nc6 3. Bb5 a6 4. Bxc6 dxc6 5. d3 Bg4 6. h3 Bh5 7. g4 Bg6 8. Nxe5
Bd6 9. Nxg6 hxg6 10. Nc3 Bb4 11. Bd2 Nf6 12. a3 Bxc3 13. Bxc3 Qd6 14. Qe2 O-O-O
15. Qe3 Ne8 16. O-O-O f6 17. Bb4 Qe6 18. Qa7 Nd6 19. Bxd6 cxd6 20. f3 Qe7 21.
Qb6 Qc7 22. Qxc7+ Kxc7 23. f4 Rhe8 24. Rhe1 b5 25. b4 c5 26. c3 Kb6 27. c4 cxb4
28. axb4 Rf8 29. cxb5 axb5 30. d4 Rh8 31. Re3 Rc8+ 32. Kb2 Rc4 33. Kb3 Re8 34.
Rdd3 f5 35. e5 dxe5 36. fxe5 f4 37. Rf3 g5 38. Rf2 Kc6 39. d5+ Kd7 40. e6+ Kd6
41. Rff3 Ke5 42. Rf1 Ke4 43. Rfd1 f3 44. Rc3 Rxc3+ 45. Kxc3 f2 46. d6 Rxe6 47.
d7 f1=Q 48. d8=Q Rc6+ 49. Kb2 Qf6+ 50. Qxf6 gxf6 51. Rf1 Ke5 52. Rf5+ Ke6 53.
Rxb5 Kd7 54. Rd5+ Kc7 55. b5 Rd6 56. Rxd6 Kxd6 57. Kc3 Kc5 58. Kd3 Kxb5 59. Ke4
Kc5 60. Kf5 Kd6 61. Kxf6 1-0

[Event "AUTO-INT-3687"]
[Site "http://www.queenalice.com/game.php?id=1764897"]
[Date "2021.7.20"]
[Round "1"]
[White "Biagio"]
[Black "Aristoteles"]
[Result "0-1"]
[WhiteElo "1396"]
[BlackElo "1558"]

1. d4 d5 2. Nf3 Nc6 3. Bf4 Bf5 4. e3 a6 5. c4 Bxb1 6. Rxb1 e6 7. a3 Nf6 8. cxd5
Nxd5 9. Bg3 Bd6 10. Bxd6 Qxd6 11. Bd3 h6 12. O-O O-O 13. Rc1 e5 14. dxe5 Nxe5
0-1

[Event "AUTO-INT-3687"]
[Site "http://www.queenalice.com/game.php?id=1764898"]
[Date "2021.7.20"]
[Round "1"]
[White "Aristoteles"]
[Black "Biagio"]
[Result "1-0"]
[WhiteElo "1548"]
[BlackElo "1406"]

1. e4 c6 2. d4 d5 3. e5 Bf5 4. Bd3 Bxd3 5. Qxd3 e6 6. Nf3 Nd7 7. Bf4 Ne7 8. Qb3
Rb8 9. Nc3 Ng6 10. Bg3 c5 11. Nb5 cxd4 12. Nxa7 Qa5+ 13. Kd1 Qxa7 14. Qd3 1-0

[Event "AUTO-INT-3610"]
[Site "http://www.queenalice.com/game.php?id=1769808"]
[Date "2021.9.14"]
[Round "2"]
[White "Aristoteles"]
[Black "Danado"]
[Result "0-1"]
[WhiteElo "1598"]
[BlackElo "1544"]

1. e4 e5 2. Nf3 d6 3. Bc4 h6 4. d3 Nf6 5. Nc3 a6 6. Bd2 Bg4 7. h3 Bxf3 8. Qxf3
b5 9. Bb3 Nc6 10. Be3 Nb4 11. a3 Nc6 12. O-O a5 13. Nxb5 a4 14. Ba2 Rb8 15. c4
Nd4 16. Nxd4 exd4 17. Bxd4 c6 18. Bxf6 Qxf6 19. Qxf6 gxf6 20. Rab1 Rg8 21. f3 c5
22. b4 cxb4 23. axb4 Be7 24. b5 Kd7 25. Rfc1 Rgc8 26. Rc3 f5 27. exf5 f6 28. Rb4
Ra8 29. Rb2 d5 30. c5 Bxc5+ 31. Kf1 a3 32. Rb1 Kd6 33. Rbc1 Ra4 34. Bb3 Rb4 35.
Rd1 Rb8 36. Ba2 R4xb5 37. d4 Ba7 38. Rxa3 R8b7 39. Re1 Kd7 40. Rae3 Bxd4 41. Re6
R7b6 42. Rxb6 Bxb6 43. Re6 Rb2 44. Bxd5 Bd8 45. Bc6+ Kc7 46. Re8 Rc2 47. Be4 Kd7
48. Rh8 Rc1+ 49. Kf2 Bb6+ 0-1

[Event "AUTO-INT-3610"]
[Site "http://www.queenalice.com/game.php?id=1769809"]
[Date "2021.9.14"]
[Round "2"]
[White "Danado"]
[Black "Aristoteles"]
[Result "1-0"]
[WhiteElo "1562"]
[BlackElo "1580"]

1. e4 e5 2. h3 Nf6 3. d3 Nc6 4. Be3 Be7 5. a3 O-O 6. Nc3 a6 7. Nf3 h6 8. d4 d6
9. d5 Nb8 10. Bd3 Bd7 11. Qd2 c6 12. dxc6 Bxc6 13. Nh4 Bd7 14. Bc4 Nxe4 15. Nxe4
Bxh4 16. Nxd6 b5 17. Bd5 Bc6 18. Bxc6 Nxc6 19. Rd1 Be7 20. Ne4 Qxd2+ 21. Rxd2 f5
22. Nc3 f4 23. Bb6 Bg5 24. f3 Bh4+ 25. Kd1 Rab8 26. Bc5 Rfd8 27. Rxd8+ Rxd8+ 28.
Kc1 Bf6 29. Rd1 Nd4 30. Ne4 Nc6 31. Rxd8+ Nxd8 32. Nd2 Nb7 33. Bf2 Nd6 34. Ba7
Nc8 35. Bf2 Nd6 36. g4 Kf7 37. c3 g6 38. Bc5 Nb7 39. Bb6 Nd6 40. b3 e4 41. Nxe4
Nxe4 42. fxe4 f3 43. Bf2 Bxc3 44. Kc2 Ba5 45. Kd3 Ke6 46. Ke3 Ke5 47. Kxf3 1-0